000 00714nam a2200205Ii 4500
003 JO-AjNU
008 230605s9999||||xx |||||||||||||| ||und||
017 _a1989/9/571
040 _aJO-AjNU
_bara
_erda
_cJO-AjNU
041 _aara
050 1 4 _aBP165.5.F3838 1989
100 3 _aالفاعوري، داود علي الفاضل,
_eauthor
_941197
245 0 0 _aتمهيد لدراسة العقيدة الإسلامية من القرآن الكريم
264 3 1 _aعمان: دار الفكر، 1989
300 _a205ص
336 _atext
_btxt
_2rdacontent
337 _aunmediated
_bn
_2rdamedia
338 _avolume
_bnc
_2rdacarrier
650 4 _aعلم الكلام- العقيدة الاسلامية
_941198
999 _aA17545
_c21113
_d21113